[Event "North American Blitz op 30th"]
[Site "ICC INT"]
[Date "2020.12.31"]
[Round "1"]
[White "Wong, Allyson"]
[Black "Amburgy, Ryan"]
[Result "0-1"]
[WhiteElo "1428"]
[BlackElo "1989"]
[PlyCount "110"]
[EventDate "2020.12.31"]
[EventType "swiss (blitz)"]
[EventRounds "11"]
[EventCountry "USA"]
[SourceTitle "CBM 200 Extra"]
[Source "ChessBase"]
[SourceDate "2021.03.31"]
[SourceVersion "1"]
[SourceVersionDate "2021.03.31"]
[SourceQuality "1"]

1. e4 c6 2. Nc3 d5 3. Nf3 dxe4 4. Nxe4 Nf6 5. Nxf6+ exf6 6. d4 Bd6 7. h3 0-0 8. Bc4 Re8+ 9. Be2 Bf5 10. 0-0 Nd7 11. c3 Qc7 12. Be3 h6 13. Bd3 Bxd3 14. Qxd3 Nf8 15. Rfe1 Re6 16. Nh4 Rae8 17. Nf5 Bf4 18. Qd2 Bxe3 19. Nxe3 Qf4 20. Re2 Ng6 21. Rae1 Nh4 22. Kh1 Nf5 23. g3 Qf3+ 24. Kh2 h5 25. Qd3 Rxe3 26. fxe3 Qxg3+ 27. Kh1 Nh4 28. Rf1 Nf3 29. Qf5 Ng5 30. Qf2 Qxh3+ 31. Qh2 Rxe3 32. Rxe3 Qxe3 33. Qb8+ Kh7 34. Qc8 Ne4 35. Qf5+ g6 36. Qf3 Ng3+ 37. Kg2 Nxf1 38. Qxf1 Qe4+ 39. Kh2 f5 40. Qf2 f4 41. a3 f3 42. Kg3 Qg4+ 43. Kh2 h4 44. b4 f5 45. c4 f4 46. d5 Qg3+ 47. Qxg3 fxg3+ 48. Kg1 cxd5 49. cxd5 Kg7 50. d6 Kf6 51. d7 Ke7 52. Kf1 Kxd7 53. Kg1 h3 54. Kh1 f2 55. b5 f1Q# 0-1